| 000 | 00330nam a22001337a 4500 | ||
|---|---|---|---|
| 008 | 181016b xxu||||| |||| 00| 0 eng d | ||
| 020 | _a9780077397500 | ||
| 041 | _aeng | ||
| 080 |
_29th _a616.073 |
||
| 100 | _a6 | ||
| 101 | _aGJEN | ||
| 245 |
_aFoundations of Life- Chemistry, Cells, and Genetics _cMason,K.A |
||
| 942 |
_2udc _cBK |
||
| 999 |
_c49921 _d49921 |
||